| 000 | 00744 a2200193 4500 | ||
|---|---|---|---|
| 001 | 29886 | ||
| 005 | 20260407155609.0 | ||
| 008 | 260407a1969 arg spa d | ||
| 003 | AR-UNSa-BCEJYS | ||
| 040 |
_aAR-UNSa-BCEJYS _bspa _cAR-UNSa-BCEJYS |
||
| 080 |
_a657.471.61 _xCostes generales |
||
| 245 | 1 | 0 |
_aSistemas de costos para la administración de empresas _pel costeo directo en el proceso decisorio |
| 264 | 1 |
_aBuenos Aires : _bDepalma _c1969 |
|
| 300 |
_a160 p. _c23 cm. |
||
| 505 | _a1. Definición del costeo directo - 2. Diferencias con el costeo tradicional - 3.Objetivos del costeo directo - 4. Crítica del sistema - 5. Conclusión | ||
| 942 | _cBK | ||
| 590 | _aniveau_biblio:m niveau_hierar:0 | ||
| 100 | 1 | _aEtkin, Jorge Ricardo | |
| 999 |
_c1970 _d1970 |
||